000 01579nam a2200409 i 4500
001 52389
003 KOSZ 005
005 20220920150632.0
008 020502s2001 pl f |000 0 pol
015 _aPB 2002/7037
020 _a8372280789
040 _aWA N
_cWA N
_dKOSZ 005/HR
041 1 _apol
_heng
046 _k2001
080 _a341.22
080 _a346.52
245 0 0 _aMiędzynarodowe Standardy Rachunkowości 2001 /
_c[tł. z jęz. ang. Agnieszka Ostaszewicz, Tomasz Ostaszewicz, Dorota Wyczółkowska ; International Accounting Standards Board].
246 1 _iTyt. oryg.:
_aInternational Accounting Standards,
_f2001.
260 _a[Warszawa :
_bStowarzyszenie Księgowych w Polsce,
_c2001].
300 _a1444, [1] s. ;
_c24 cm.
336 _2rdacontent
_aTekst
_btxt
337 _2rdamedia
_aBez urządzenia pośredniczącego
_bn
338 _2rdacarrier
_aWolumin
_bnc
380 _aKsiążki
388 _a2001-
648 7 _a2001-
650 4 _aMiędzynarodowe Standardy Sprawozdawczości Finansowej (MSSF)
650 4 _aRachunkowość
658 _aPrawo i wymiar sprawiedliwości
700 1 _aOstaszewicz, Agnieszka
_eTłumaczenie
700 1 _aOstaszewicz, Tomasz
_eTłumaczenie
700 1 _aWyczółkowska, Dorota
_eTłumaczenie
710 2 _aInternational Accounting Standards Board
710 2 _aStowarzyszenie Księgowych w Polsce
_4pbl.
856 _uhttp://koha.tu.koszalin.pl/cgi-bin/koha/opac-detail.pl?biblionumber=52389
_yKatalog online BPK
942 _2UKD
_cKS
999 _c52389
_d52389